Religion in Ukraine - Statistics

General Stats
  • This quiz has been taken 107 times
  • The average score is 6 of 11
Answer Stats
Percentage Religion % Correct
67.3% Orthodox
98%
9.4% Greek Catholic
87%
0.8% Latin Catholic
87%
0.4% Judaism
69%
0.1% Buddhism
58%
1.2% Protestant
58%
0.1% Hinduism
36%
7.7% Christian
34%
11.1% Other
29%
0.9% Unknown
19%
0.1% Paganism
6%
No matching quizzes found
Score Distribution
Percent of People with Each Score
Percentile by Number Answered
Your Score History
You have not taken this quiz